Type in Asia on a Map - Statistics

General Stats
  • This quiz has been taken 28 times
  • The average score is 42 of 47
Answers on the Map
Answers color-coded by a green-red scale on the quiz's map according to % correct below.
 
Answer Stats
Answer % Correct
Bangladesh
100%
China
100%
Iran
100%
Iraq
100%
Jordan
100%
Oman
100%
Saudi Arabia
100%
Yemen
100%
Afghanistan
93%
Armenia
93%
Azerbaijan
93%
Bhutan
93%
Cambodia
93%
Georgia
93%
India
93%
Indonesia
93%
Israel
93%
Japan
93%
Kazakhstan
93%
Kuwait
93%
Kyrgyzstan
93%
Laos
93%
Lebanon
93%
Malaysia
93%
Mongolia
93%
Myanmar
93%
Nepal
93%
North Korea
93%
Pakistan
93%
Philippines
93%
Singapore
93%
South Korea
93%
Sri Lanka
93%
Taiwan
93%
Thailand
93%
UAE
93%
Vietnam
93%
Bahrain
86%
Qatar
86%
Syria
86%
Tajikistan
86%
Uzbekistan
86%
East Timor
79%
Turkmenistan
79%
Brunei
71%
Maldives
64%
Russia
7%
No matching quizzes found
Score Distribution
Percent of People with Each Score
Percentile by Number Answered
Your Score History
You have not taken this quiz